[Event "44th Pan-American U20"]
[Site "Cochabamba BOL"]
[Date "2019.08.05"]
[Round "8.19"]
[White "Cari, Nicolas"]
[Black "Tapia Espada, Antonio Enrique"]
[Result "1/2-1/2"]
[WhiteElo "1788"]
[BlackElo "1506"]
[EventDate "2019.08.01"]
[PlyCount "70"]

1.d4 Nf6 2.Nf3 e6 3.c4 b6 4.Nc3 Bb4 5.Qc2 Bb7 6.e3 O-O 7.Be2 d5 8.cxd5 
Nxd5 9.a3 Nxc3 10.bxc3 Be7 11.O-O Nd7 12.a4 c5 13.a5 bxa5 14.Ba3 Rc8 15.
Rfb1 Ba8 16.Qd2 Nf6 17.Ne5 Ne4 18.Qe1 Re8 19.Bb5 Rf8 20.Nd7 cxd4 21.Bxe7 
Qxe7 22.Nxf8 Nxc3 23.Ba6 Rxf8 24.Rb2 Qg5 25.f4 Qf6 26.Rc1 e5 27.Bb7 Rb8 
28.exd4 exd4 29.Bxa8 Rxa8 30.Qe5 Qxe5 31.fxe5 Kf8 32.Kf1 a4 33.Rd2 Nb5 34.
Ke2 Re8 35.Rc4 a6 1/2-1/2

[Event "44th Pan-American U20"]
[Site "Cochabamba BOL"]
[Date "2019.08.05"]
[Round "8.20"]
[White "Bracamonte, Humberto"]
[Black "Santiago Vilca, Lito Gustavo"]
[Result "0-1"]
[WhiteElo "1516"]
[BlackElo "1818"]
[EventDate "2019.08.01"]
[PlyCount "76"]

1.e4 c5 2.Nc3 e6 3.g3 a6 4.Bg2 Nc6 5.d3 g6 6.Nge2 Bg7 7.O-O Nge7 8.f4 d5 
9.Bd2 O-O 10.Be1 b5 11.Qc1 d4 12.Nb1 Bb7 13.Nd2 Rc8 14.Nf3 c4 15.Qd1 Qb6 
16.Bf2 Rfe8 17.Bh3 cxd3 18.cxd3 Nb4 19.Ne1 a5 20.a3 Na6 21.Nf3 a4 22.Rb1 
f5 23.Nd2 Nc5 24.Nc1 fxe4 25.dxe4 Nxe4 26.Qe2 Rc2 27.Rd1 Nf5 28.Qd3 Nxf2 
29.Kxf2 Rc3 30.Qf1 d3+ 31.Ke1 Qe3+ 32.Ne2 dxe2 33.Qxe2 Qxe2+ 34.Kxe2 Rc2 
35.Ke1 Kf7 36.b3 Bc3 37.Ke2 Rxd2+ 38.Rxd2 Bxd2 0-1

[Event "44th Pan-American U20"]
[Site "Cochabamba BOL"]
[Date "2019.08.05"]
[Round "8.21"]
[White "Ticona Rocabado, Licael Roderick"]
[Black "Zambrana Estrada, Breyner Andre"]
[Result "1/2-1/2"]
[WhiteElo "1693"]
[BlackElo "1426"]
[EventDate "2019.08.01"]
[PlyCount "62"]

1.d4 Nf6 2.Nf3 g6 3.e3 Bg7 4.Be2 O-O 5.O-O d6 6.c4 Nbd7 7.Nc3 c5 8.d5 a6 
9.e4 Qc7 10.Bf4 Nh5 11.Be3 Nhf6 12.Re1 Ng4 13.Bf4 Nge5 14.Bg3 Nxf3+ 15.
Bxf3 Rb8 16.Be2 h5 17.f4 Qa5 18.Qd2 b5 19.Rac1 bxc4 20.Bxc4 Nb6 21.Bb3 c4 
22.Bd1 f5 23.e5 Nd7 24.e6 Nc5 25.Be2 Qb4 26.Rc2 a5 27.Bh4 Bf6 28.Bxf6 Rxf6
29.Qd4 Ba6 30.Rf1 Qb6 31.Rd2 Rff8 1/2-1/2

[Event "44th Pan-American U20"]
[Site "Cochabamba BOL"]
[Date "2019.08.05"]
[Round "8.23"]
[White "Davila Blanco, Juan Jose"]
[Black "Moreno, Alejandro"]
[Result "1-0"]
[WhiteElo "2052"]
[BlackElo "1477"]
[EventDate "2019.08.01"]
[PlyCount "67"]

1.d4 Nf6 2.Nf3 d5 3.c4 c5 4.cxd5 Nxd5 5.e4 Nb6 6.d5 e6 7.Bb5+ Bd7 8.dxe6 
fxe6 9.Bxd7+ Qxd7 10.O-O Be7 11.Bg5 Qxd1 12.Rxd1 Nc6 13.Bf4 O-O 14.Bg3 
Rad8 15.Nc3 a6 16.Rxd8 Nxd8 17.Rd1 Nc6 18.Bc7 Na8 19.Bd6 Rd8 20.Bxe7 Rxd1+
21.Nxd1 Nxe7 22.Ne5 Nb6 23.Kf1 g6 24.Ke2 Kg7 25.f4 Kf6 26.Ne3 h5 27.h4 
Nec8 28.Kd3 Nd6 29.b3 Kg7 30.a4 Nbc8 31.Nd7 b6 32.a5 b5 33.Nxc5 Na7 34.
Nxe6+ 1-0

[Event "44th Pan-American U20"]
[Site "Cochabamba BOL"]
[Date "2019.08.05"]
[Round "8.24"]
[White "Zubieta Echalar, Eduardo"]
[Black "Villazon Zeballos, Manuel"]
[Result "1/2-1/2"]
[WhiteElo "1329"]
[BlackElo "1378"]
[EventDate "2019.08.01"]
[PlyCount "65"]

1.e4 c5 2.Nf3 g6 3.d4 cxd4 4.Nxd4 Nf6 5.Nc3 Bg7 6.Be3 Nc6 7.Be2 O-O 8.O-O 
d6 9.f4 Bd7 10.Bf3 Rc8 11.a3 Na5 12.Bf2 a6 13.Qd3 Qc7 14.Nde2 Bg4 15.Nd5 
Nxd5 16.Bxg4 Nf6 17.Bxc8 Rxc8 18.c3 Nb3 19.Rad1 Nc5 20.Bxc5 Qxc5+ 21.Kh1 
Ng4 22.Rf3 Nf2+ 23.Rxf2 Qxf2 24.Qf3 Qxf3 25.gxf3 Rc6 26.Kg2 Rb6 27.Rd2 Bh6
28.b4 Rc6 29.Rc2 Bg7 30.Kf2 f5 31.Ke3 e5 32.c4 Kf7 33.Kd3 1/2-1/2

[Event "44th Pan-American U20"]
[Site "Cochabamba BOL"]
[Date "2019.08.05"]
[Round "8.25"]
[White "Teran Medina, Marcelo"]
[Black "Janco Fernandez, Marcelo Ruben"]
[Result "1-0"]
[WhiteElo "1506"]
[BlackElo "1095"]
[EventDate "2019.08.01"]
[PlyCount "58"]

1.e4 e5 2.Nf3 Nc6 3.Bc4 Bc5 4.b4 Bb6 5.O-O Nf6 6.Re1 d5 7.exd5 Nxd5 8.Bxd5
Qxd5 9.Nc3 Qe6 10.b5 Nd4 11.Nxe5 O-O 12.Na4 Re8 13.Nxb6 axb6 14.Bb2 Nxb5 
15.Nf3 Qc6 16.Rxe8+ Qxe8 17.d4 Be6 18.d5 Rd8 19.c4 Na7 20.Qd4 f6 21.Re1 
Rd6 22.Ng5 Qa4 23.Nxe6 Rxe6 24.dxe6 Qe8 25.Qg4 Qf8 26.e7 Qe8 27.Bxf6 g6 
28.Qg5 Kf7 29.Bc3 Qg8 1-0

[Event "44th Pan-American U20"]
[Site "Cochabamba BOL"]
[Date "2019.08.06"]
[Round "9.1"]
[White "Varacalli, Francisco"]
[Black "Lu, Maximillian"]
[Result "1/2-1/2"]
[WhiteElo "2306"]
[BlackElo "2283"]
[EventDate "2019.08.01"]
[PlyCount "55"]

1.e4 Nf6 2.e5 Nd5 3.d4 d6 4.c4 Nb6 5.exd6 cxd6 6.Nc3 g6 7.Be3 Bg7 8.Rc1 
O-O 9.b3 Bf5 10.Nge2 d5 11.c5 Nc8 12.Ng3 Nc6 13.Bb5 Bd7 14.O-O a6 15.Bxc6 
bxc6 16.Qd2 e5 17.dxe5 Bxe5 18.Bd4 Qf6 19.Bxe5 Qxe5 20.Rfe1 Qf6 21.Nge2 
Ne7 22.Nd4 Nf5 23.Nxf5 Bxf5 24.Ne2 a5 25.Nd4 Bd7 26.Re3 Rab8 27.a3 Rfe8 
28.Rce1 1/2-1/2

[Event "44th Pan-American U20"]
[Site "Cochabamba BOL"]
[Date "2019.08.06"]
[Round "9.2"]
[White "Cardoso Cardoso, Jose Gabriel"]
[Black "Acosta, Pablo Ismael"]
[Result "0-1"]
[WhiteElo "2373"]
[BlackElo "2440"]
[EventDate "2019.08.01"]
[PlyCount "69"]

1.d4 Nf6 2.c4 e6 3.Nc3 Bb4 4.e3 b6 5.Ne2 c5 6.a3 Ba5 7.Rb1 Na6 8.Nf4 O-O 
9.Bd3 d6 10.O-O Bxc3 11.bxc3 Bb7 12.d5 Re8 13.e4 exd5 14.exd5 Nb8 15.Nh5 
h6 16.Ng3 Nbd7 17.f4 Nf8 18.h3 Bc8 19.Qf3 Ng6 20.Qf2 Qd7 21.Qc2 Nf8 22.Nf5
Rb8 23.g4 b5 24.cxb5 c4 25.Bxc4 Qc7 26.Rb4 Bxf5 27.Qxf5 Ne4 28.g5 h5 29.h4
Ng3 30.Qd3 Nxf1 31.Kxf1 Qc8 32.Rb2 Nd7 33.Qf3 Nb6 34.f5 Re5 35.Bf4 0-1

[Event "44th Pan-American U20"]
[Site "Cochabamba BOL"]
[Date "2019.08.06"]
[Round "9.3"]
[White "Wang, Annie"]
[Black "Munoz, Francisco Javier"]
[Result "1-0"]
[WhiteElo "2321"]
[BlackElo "2282"]
[EventDate "2019.08.01"]
[PlyCount "117"]

1.d4 d5 2.c4 Nc6 3.Nc3 Nf6 4.cxd5 Nxd5 5.e4 Nxc3 6.bxc3 e5 7.d5 Na5 8.Nf3 
Bd6 9.Qa4+ c6 10.c4 O-O 11.Bd2 b6 12.Be2 cxd5 13.cxd5 Nb7 14.O-O Nc5 15.
Qc2 Bd7 16.Be3 Rc8 17.Nd2 b5 18.Rac1 a6 19.Nb3 Na4 20.Qd2 Ba3 21.Rxc8 Qxc8
22.Bd3 Qc7 23.f4 f6 24.Qf2 exf4 25.Bxf4 Bd6 26.Rc1 Qb8 27.Bxd6 Qxd6 28.Nd4
Rc8 29.Rf1 Rc3 30.Bb1 Nb6 31.Ne2 Rc8 32.h3 Nc4 33.Nf4 Qc5 34.Qxc5 Rxc5 35.
Rc1 Rc8 36.Bd3 Ne5 37.Rxc8+ Bxc8 38.Bc2 Kf7 39.Kf2 Ke7 40.Ke3 g6 41.Kd4 
Kd6 42.Nd3 a5 43.Nc5 h5 44.Bd1 h4 45.Nb3 a4 46.Nc5 a3 47.Nb3 b4 48.Be2 g5 
49.Na5 Bd7 50.Nc4+ Kc7 51.Nxe5 b3 52.d6+ Kd8 53.Bc4 fxe5+ 54.Kxe5 Ba4 55.
Kf6 b2 56.Bd3 Bb3 57.Bb1 Bc4 58.e5 Kd7 59.Bf5+ 1-0

[Event "44th Pan-American U20"]
[Site "Cochabamba BOL"]
[Date "2019.08.06"]
[Round "9.4"]
[White "Coro, Lucas"]
[Black "Santiago Vilca, Christian Amilca"]
[Result "1-0"]
[WhiteElo "2320"]
[BlackElo "2256"]
[EventDate "2019.08.01"]
[PlyCount "62"]

1.e4 c5 2.Nf3 e6 3.d4 cxd4 4.Nxd4 a6 5.Bd3 Nf6 6.O-O Qc7 7.Qe2 d6 8.c4 g6 
9.Nc3 Bg7 10.Rd1 O-O 11.h3 Nbd7 12.Nf3 b6 13.Bf4 Nh5 14.Bh2 Bxc3 15.bxc3 
e5 16.Qd2 Nc5 17.Bc2 Nb7 18.Qh6 f6 19.Nh4 Nc5 20.f4 exf4 21.Bxf4 Nxf4 22.
Qxf4 Nb7 23.Qg3 Be6 24.Rd4 b5 25.cxb5 axb5 26.a4 bxa4 27.Raxa4 Rxa4 28.
Bxa4 Rc8 29.Rb4 Nc5 30.Bb5 Rb8 31.Kh2 Kh8 1-0

[Event "44th Pan-American U20"]
[Site "Cochabamba BOL"]
[Date "2019.08.06"]
[Round "9.5"]
[White "Huang, Andy"]
[Black "Delgado Romero, Marco"]
[Result "1-0"]
[WhiteElo "2263"]
[BlackElo "2236"]
[EventDate "2019.08.01"]
[PlyCount "75"]

1.e4 g6 2.d4 Bg7 3.Nc3 d6 4.Be3 a6 5.Qd2 b5 6.O-O-O Bb7 7.f3 Nd7 8.h4 h5 
9.Nh3 Rc8 10.Ng5 Nb6 11.Bd3 b4 12.Ne2 c5 13.dxc5 dxc5 14.Bxc5 Rxc5 15.Bb5+
Nd7 16.Bxd7+ Kf8 17.Nxf7 Qa5 18.Be6 Bh6 19.Nxh6 Nxh6 20.Qf4+ Kg7 21.Rd7 
Re8 22.Rxb7 Re5 23.Bd5 Rxd5 24.exd5 Qxa2 25.Rd1 Nf5 26.Qxb4 Rc8 27.Qa3 
Qxa3 28.bxa3 Kf6 29.Rb6+ Kf7 30.Rc6 Rd8 31.g3 a5 32.Rd3 a4 33.Ra6 Rc8 34.
Rxa4 Rc5 35.c4 Nd6 36.Kc2 Nxc4 37.Kc3 Ne3+ 38.Kd4 1-0

[Event "44th Pan-American U20"]
[Site "Cochabamba BOL"]
[Date "2019.08.06"]
[Round "9.6"]
[White "Pinto, Daniel"]
[Black "Donoso Diaz, Sebastian"]
[Result "0-1"]
[WhiteElo "2257"]
[BlackElo "2309"]
[EventDate "2019.08.01"]
[PlyCount "64"]

1.e4 c5 2.Nf3 e6 3.c3 Nf6 4.e5 Nd5 5.d4 cxd4 6.cxd4 d6 7.Nc3 Nxc3 8.bxc3 
Nc6 9.exd6 Bxd6 10.Be2 O-O 11.O-O b6 12.Bg5 Qc7 13.Rc1 h6 14.Be3 Ba3 15.
Rc2 Rd8 16.c4 e5 17.d5 Nb8 18.Qd3 Bd6 19.h3 Na6 20.Qc3 Bf5 21.Rb2 Rac8 22.
Rb3 Qe7 23.Qb2 Bd7 24.Nd2 f5 25.f3 Nc5 26.Bxc5 Bxc5+ 27.Kh1 Re8 28.Bd3 Qh4
29.Qc2 Qf4 30.g3 Qg5 31.Kg2 Bd6 32.Qb1 Qxd2+ 0-1

[Event "44th Pan-American U20"]
[Site "Cochabamba BOL"]
[Date "2019.08.06"]
[Round "9.7"]
[White "Bolanos, Fernando"]
[Black "Aguilar, Luis Miguel"]
[Result "1/2-1/2"]
[WhiteElo "2247"]
[BlackElo "2204"]
[EventDate "2019.08.01"]
[PlyCount "27"]

1.e4 c5 2.Nf3 g6 3.g3 Bg7 4.Bg2 Nc6 5.d3 d6 6.Nbd2 Nf6 7.O-O O-O 8.Re1 Rb8
9.Nf1 b5 10.h4 b4 11.Rb1 Be6 12.Ra1 h6 13.Ne3 Qd7 14.Nd2 1/2-1/2

[Event "44th Pan-American U20"]
[Site "Cochabamba BOL"]
[Date "2019.08.06"]
[Round "9.8"]
[White "Vivas Zamora, Fabian Ernesto"]
[Black "Johnson, Joshua"]
[Result "1-0"]
[WhiteElo "2348"]
[BlackElo "2241"]
[EventDate "2019.08.01"]
[PlyCount "69"]

1.e4 e5 2.Nf3 Nc6 3.d4 exd4 4.Nxd4 Nf6 5.Nxc6 bxc6 6.e5 Qe7 7.Qe2 Nd5 8.h4
Bb7 9.Rh3 c5 10.Na3 Qe6 11.c4 Nb4 12.Nb5 Kd8 13.b3 Kc8 14.Bb2 Be7 15.Nc3 
f6 16.Re3 Bd8 17.Na4 fxe5 18.Nxc5 Qg6 19.h5 Nc2+ 20.Kd2 Qd6+ 21.Kxc2 Qxc5 
22.Rxe5 Qf8 23.Re1 Bc6 24.Re8 Qf5+ 25.Qd3 Rxe8 26.Qxf5 Rxe1 27.Bd3 g6 28.
hxg6 hxg6 29.Qxg6 Be7 30.Bc3 Re6 31.Qh7 Bd6 32.c5 Bxc5 33.Ba6+ Kd8 34.Qh4+
Ke8 35.Qh5+ 1-0

[Event "44th Pan-American U20"]
[Site "Cochabamba BOL"]
[Date "2019.08.06"]
[Round "9.9"]
[White "Asaria, Danial"]
[Black "Benitez Galeano, Alejandro"]
[Result "1-0"]
[WhiteElo "2305"]
[BlackElo "2111"]
[EventDate "2019.08.01"]
[PlyCount "69"]

1.e4 c5 2.Nf3 e6 3.d4 cxd4 4.Nxd4 Nc6 5.Nb5 d6 6.c4 a6 7.N5a3 Nf6 8.Nc3 
Be7 9.Be2 O-O 10.Be3 Ne5 11.O-O b6 12.f4 Ned7 13.Bf3 Bb7 14.Qe2 Qc7 15.
Rac1 Rac8 16.Rfd1 Rfd8 17.g4 Nc5 18.Qg2 Qb8 19.g5 Ne8 20.h4 Nc7 21.h5 b5 
22.b4 Nd7 23.g6 fxg6 24.hxg6 h6 25.cxb5 Nxb5 26.Naxb5 axb5 27.Nxb5 e5 28.
Qh3 Nf8 29.a4 Qa8 30.Qf5 Kh8 31.fxe5 dxe5 32.Bxh6 Bf6 33.Nd6 Rxc1 34.Bxc1 
Kg8 35.Be2 1-0

[Event "44th Pan-American U20"]
[Site "Cochabamba BOL"]
[Date "2019.08.06"]
[Round "9.10"]
[White "Titichoca Daza, Daniel"]
[Black "Vera, Pavel"]
[Result "1/2-1/2"]
[WhiteElo "2143"]
[BlackElo "2173"]
[EventDate "2019.08.01"]
[PlyCount "26"]

1.e4 c5 2.Nf3 Nc6 3.d4 cxd4 4.Nxd4 Nf6 5.Nc3 e5 6.Ndb5 d6 7.Bg5 a6 8.Na3 
b5 9.Nd5 Be7 10.Bxf6 Bxf6 11.c3 Ne7 12.Nc2 Bb7 13.Ncb4 O-O 1/2-1/2

[Event "44th Pan-American U20"]
[Site "Cochabamba BOL"]
[Date "2019.08.06"]
[Round "9.11"]
[White "Flores Quillas, Diego Saul Rodri"]
[Black "Zhang, Derek"]
[Result "1-0"]
[WhiteElo "2163"]
[BlackElo "2147"]
[EventDate "2019.08.01"]
[PlyCount "79"]

1.e4 e6 2.d4 d5 3.Nc3 Bb4 4.e5 c5 5.Qg4 Ne7 6.dxc5 Nbc6 7.Bd2 O-O 8.Nf3 f5
9.exf6 Rxf6 10.Qh4 e5 11.O-O-O g6 12.Qg5 Rf5 13.Qg3 Qf8 14.h4 e4 15.Ng5 
Bxc5 16.Ncxe4 Bd4 17.Bc3 Bxc3 18.Nxc3 h6 19.Nf3 Be6 20.Bd3 Rf6 21.Rhe1 Nb4
22.Nd4 Bd7 23.a3 Nxd3+ 24.Rxd3 Rc8 25.Qe5 Rf7 26.Rf3 Re8 27.Ne6 Nc6 28.
Qxd5 Qe7 29.Rfe3 Qxh4 30.g3 Qf6 31.Nf4 Rxe3 32.Rxe3 Bf5 33.Re8+ Kh7 34.Ne4
Bxe4 35.Qxe4 Nd4 36.Nxg6 Qxg6 37.Rh8+ Kxh8 38.Qxg6 Rxf2 39.Qe8+ Kh7 40.
Qd7+ 1-0

[Event "44th Pan-American U20"]
[Site "Cochabamba BOL"]
[Date "2019.08.06"]
[Round "9.12"]
[White "Rengifo Blancas, Renzo Jhonathan"]
[Black "Caballero Quijano, Mitzy Mishell"]
[Result "1-0"]
[WhiteElo "2194"]
[BlackElo "2059"]
[EventDate "2019.08.01"]
[PlyCount "76"]

1.d4 e6 2.Nf3 Nf6 3.g3 b6 4.Bg2 Bb7 5.O-O d5 6.Ne5 Nbd7 7.c4 Bd6 8.Qa4 O-O
9.Nxd7 Qxd7 10.Qxd7 Nxd7 11.Nc3 Nf6 12.Bg5 Ne4 13.Nxe4 dxe4 14.Rfd1 e5 15.
c5 bxc5 16.dxe5 Bxe5 17.Be7 Rfe8 18.Bxc5 f5 19.Bd4 Bd6 20.Rac1 Ba6 21.Bf1 
Rab8 22.b3 Rb7 23.Bc5 Be5 24.Be3 g6 25.Rd5 Bd6 26.Rd2 Kf7 27.Bc5 Re6 28.
Bxd6 cxd6 29.Rc6 Rb6 30.Rc7+ Re7 31.Rdc2 d5 32.Rxe7+ Kxe7 33.Rc7+ Kd6 34.
Rxa7 d4 35.f3 d3 36.exd3 exd3 37.Kf2 d2 38.Be2 Ke6 1-0

[Event "44th Pan-American U20"]
[Site "Cochabamba BOL"]
[Date "2019.08.06"]
[Round "9.13"]
[White "Tello Chavez, Isaac Valent"]
[Black "Huanca, Edson"]
[Result "1-0"]
[WhiteElo "2271"]
[BlackElo "1948"]
[EventDate "2019.08.01"]
[PlyCount "71"]

1.c4 Nf6 2.Nc3 e6 3.g3 c5 4.Nf3 d5 5.cxd5 exd5 6.d4 Nc6 7.Bg2 Be6 8.O-O a6
9.Bg5 cxd4 10.Nxd4 Be7 11.Rc1 O-O 12.Nxc6 bxc6 13.Na4 Qa5 14.a3 Rfc8 15.b4
Qd8 16.Nc5 h6 17.Bxf6 Bxf6 18.e4 Bb2 19.Rb1 Bc3 20.Qb3 Bd4 21.Nxe6 fxe6 
22.Kh1 Qb6 23.f4 g6 24.Qd3 Kg7 25.Rbd1 Bf6 26.g4 a5 27.e5 Be7 28.f5 exf5 
29.gxf5 gxf5 30.Qxf5 Rf8 31.Qg4+ Kh7 32.Qe6 Ra7 33.Bxd5 Bg5 34.Be4+ Kg7 
35.Qg6+ Kh8 36.Rxf8# 1-0

[Event "44th Pan-American U20"]
[Site "Cochabamba BOL"]
[Date "2019.08.06"]
[Round "9.14"]
[White "Mendoza Criollo, Carlos David"]
[Black "Castellanos Villela, Alejandro"]
[Result "1-0"]
[WhiteElo "2103"]
[BlackElo "1985"]
[EventDate "2019.08.01"]
[PlyCount "91"]

1.d4 Nf6 2.c4 e6 3.Nc3 Bb4 4.Qc2 O-O 5.a3 Bxc3+ 6.Qxc3 b5 7.cxb5 c6 8.bxc6
Nxc6 9.Bg5 Bb7 10.e3 Rc8 11.Qd2 Qb6 12.Bxf6 gxf6 13.b4 e5 14.Nf3 exd4 15.
e4 Rfe8 16.Be2 d5 17.e5 d3 18.Qxd3 fxe5 19.Ng5 f5 20.Qxf5 Re7 21.Qg4 Kh8 
22.O-O Nd4 23.Qh5 Qf6 24.Bg4 Rg8 25.h4 e4 26.Rad1 Ba6 27.Rxd4 Qxd4 28.Rd1 
Qf6 29.Rxd5 e3 30.fxe3 Qf1+ 31.Kh2 Bb7 32.Rd2 Qf6 33.Kg1 Bc6 34.Rf2 Qg6 
35.Nf7+ Kg7 36.Qxg6+ Kxg6 37.Bf5+ Kxf7 38.Be4+ Kg7 39.Bxc6 Rxe3 40.a4 Rd8 
41.Rf4 Red3 42.b5 R3d4 43.Rxd4 Rxd4 44.a5 Rxh4 45.b6 Rd4 46.bxa7 1-0

[Event "44th Pan-American U20"]
[Site "Cochabamba BOL"]
[Date "2019.08.06"]
[Round "9.15"]
[White "Guerrero Cataldo, Juan Andres"]
[Black "Ccerhuayo Escobedo, Mels Leopold"]
[Result "1-0"]
[WhiteElo "2035"]
[BlackElo "1820"]
[EventDate "2019.08.01"]
[PlyCount "61"]

1.d4 Nf6 2.Nf3 e6 3.c4 d5 4.Nc3 a6 5.g3 dxc4 6.Bg2 Nc6 7.O-O Rb8 8.b3 cxb3
9.axb3 Bb4 10.Bb2 O-O 11.e3 b5 12.Ne1 Nd5 13.Ne4 f5 14.Rc1 fxe4 15.Rxc6 
Qd7 16.Rc1 Nf6 17.Nc2 Bd6 18.Na3 Bb7 19.Nb1 a5 20.Nc3 a4 21.bxa4 bxa4 22.
Qc2 Ba6 23.Nxe4 Bxf1 24.Nxf6+ Rxf6 25.Rxf1 Qb5 26.Ba1 a3 27.e4 e5 28.Qa2+ 
Qb3 29.Qxb3+ Rxb3 30.dxe5 Bxe5 31.Bxe5 1-0

[Event "44th Pan-American U20"]
[Site "Cochabamba BOL"]
[Date "2019.08.06"]
[Round "9.16"]
[White "Medrano, Sebastian"]
[Black "Santiago Vilca, Lito Gustavo"]
[Result "1-0"]
[WhiteElo "2086"]
[BlackElo "1818"]
[EventDate "2019.08.01"]
[PlyCount "81"]

1.d4 Nf6 2.Bg5 Ne4 3.Bf4 c5 4.f3 Qa5+ 5.c3 Nf6 6.d5 d6 7.Nd2 g6 8.e4 Nbd7 
9.Bd3 Bg7 10.Ne2 O-O 11.O-O Qc7 12.Kh1 a6 13.a4 b6 14.b4 Bb7 15.Qb3 Rfc8 
16.b5 Ne5 17.Bxe5 dxe5 18.a5 axb5 19.axb6 Qxb6 20.Nc4 Qc7 21.Qxb5 Rcb8 22.
Qb6 Qc8 23.Rxa8 Bxa8 24.Qa5 Ne8 25.Rb1 Rxb1+ 26.Bxb1 Bb7 27.Nc1 Nd6 28.Nb6
Qc7 29.Nd3 c4 30.Qc5 Qb8 31.Nb2 Qa7 32.N6a4 Qa6 33.Ba2 Bh6 34.Bxc4 Nxc4 
35.Qxc4 Qd6 36.Nc5 Bc8 37.Qb5 Qc7 38.Qc6 Qd8 39.Nc4 Bf4 40.Nb6 Be6 41.Nxe6
1-0

[Event "44th Pan-American U20"]
[Site "Cochabamba BOL"]
[Date "2019.08.06"]
[Round "9.17"]
[White "Mollo, Jhoan"]
[Black "Cari, Nicolas"]
[Result "1/2-1/2"]
[WhiteElo "2023"]
[BlackElo "1788"]
[EventDate "2019.08.01"]
[PlyCount "37"]

1.e4 c6 2.d4 d5 3.exd5 cxd5 4.Bd3 Nc6 5.c3 g6 6.Qc2 Bg7 7.Nf3 Nf6 8.Bf4 
O-O 9.O-O h6 10.h4 Qb6 11.b4 Bg4 12.a4 Qd8 13.Ne5 Bd7 14.Nxc6 Bxc6 15.Be5 
Qd7 16.Nd2 Ne8 17.Bxg7 Kxg7 18.f4 Nd6 19.f5 1/2-1/2

[Event "44th Pan-American U20"]
[Site "Cochabamba BOL"]
[Date "2019.08.06"]
[Round "9.18"]
[White "Torrico, Alexis"]
[Black "Montevilla C., Elias Alejandro"]
[Result "1-0"]
[WhiteElo "1847"]
[BlackElo "1326"]
[EventDate "2019.08.01"]
[PlyCount "60"]

1.d4 Nf6 2.c4 e6 3.Nf3 b6 4.a3 Bb7 5.Nc3 c5 6.d5 exd5 7.cxd5 d6 8.e4 Nbd7 
9.Bd3 Be7 10.Bf4 a6 11.a4 Qc7 12.h3 O-O 13.O-O Rfe8 14.Re1 Bd8 15.Nd2 Nf8 
16.Nc4 Be7 17.e5 Nxd5 18.Nxd5 Bxd5 19.exd6 Qb7 20.dxe7 Ng6 21.Nd6 Qc6 22.
Bxg6 hxg6 23.Nxe8 Rxe8 24.f3 b5 25.axb5 axb5 26.Re5 Be6 27.Qd8 Qd7 28.Ra8 
Qxe7 29.Qxe7 Rxa8 30.Rxe6 Rf8 1-0

[Event "44th Pan-American U20"]
[Site "Cochabamba BOL"]
[Date "2019.08.06"]
[Round "9.19"]
[White "Tapia Espada, Antonio Enrique"]
[Black "Ticona Rocabado, Licael Roderick"]
[Result "0-1"]
[WhiteElo "1506"]
[BlackElo "1693"]
[EventDate "2019.08.01"]
[PlyCount "48"]

1.d4 Nf6 2.c4 g6 3.Nc3 Bg7 4.e4 d6 5.Be2 O-O 6.Nf3 Nbd7 7.O-O e5 8.Be3 Re8
9.Qc2 Qe7 10.Bg5 exd4 11.Nd5 Qd8 12.Nxd4 h6 13.Bxf6 Nxf6 14.Nxf6+ Qxf6 15.
Rad1 a6 16.b4 Qh4 17.f4 f5 18.exf5 Bxd4+ 19.Rxd4 Bxf5 20.Bd3 Qf6 21.Rd5 c6
22.Bxf5 cxd5 23.Bxg6 Qd4+ 24.Kh1 Qxf4 0-1

[Event "44th Pan-American U20"]
[Site "Cochabamba BOL"]
[Date "2019.08.06"]
[Round "9.20"]
[White "Araujo, Amilcar"]
[Black "Davila Blanco, Juan Jose"]
[Result "0-1"]
[WhiteElo "1530"]
[BlackElo "2052"]
[EventDate "2019.08.01"]
[PlyCount "69"]

1.d4 Nf6 2.c4 c5 3.d5 b5 4.cxb5 a6 5.Nc3 g6 6.e4 d6 7.Nf3 Bg7 8.bxa6 O-O 
9.Be2 Qa5 10.O-O Bxa6 11.Bxa6 Qxa6 12.Re1 Nbd7 13.e5 Ng4 14.exd6 exd6 15.
h3 Nge5 16.Nxe5 Nxe5 17.f4 Nd3 18.Rf1 f5 19.Rf3 c4 20.Rb1 Rfb8 21.Bd2 Nxb2
22.Qc2 Nd3 23.Rxb8+ Rxb8 24.Qa4 Bd4+ 25.Kh2 Qxa4 26.Nxa4 Ra8 27.Nc3 Bxc3 
28.Bxc3 Rxa2 29.Kg3 Nc5 30.Bb4 Ne4+ 31.Kh2 Rb2 32.Ba5 Rb3 33.Be1 c3 34.
Bxc3 Rxc3 35.Rf1 0-1

[Event "44th Pan-American U20"]
[Site "Cochabamba BOL"]
[Date "2019.08.06"]
[Round "9.21"]
[White "Inaicheo Santana, Edward"]
[Black "Teran Medina, Marcelo"]
[Result "0-1"]
[WhiteElo "1635"]
[BlackElo "1506"]
[EventDate "2019.08.01"]
[PlyCount "42"]

1.d4 Nf6 2.Bg5 e6 3.e4 Be7 4.Bd3 d5 5.Bxf6 gxf6 6.Ne2 c5 7.c3 Qb6 8.Na3 c4
9.Bc2 Qxb2 10.Nb5 Kd8 11.a4 a6 12.Rb1 Qa2 13.Nc1 Qxb1 14.Bxb1 axb5 15.axb5
Ra1 16.Na2 Bd7 17.Qc2 Ba3 18.O-O Bxb5 19.f4 Nc6 20.f5 Kc7 21.fxe6 fxe6 0-1

[Event "44th Pan-American U20"]
[Site "Cochabamba BOL"]
[Date "2019.08.06"]
[Round "9.22"]
[White "Barja Viveros, Matias Ariel"]
[Black "Zambrana Estrada, Breyner Andre"]
[Result "1/2-1/2"]
[WhiteElo "1544"]
[BlackElo "1426"]
[EventDate "2019.08.01"]
[PlyCount "33"]

1.e4 c5 2.Nc3 e6 3.Bc4 g6 4.f4 Bg7 5.Nf3 Nc6 6.O-O Nge7 7.d3 O-O 8.Qe1 b6 
9.Qh4 Bb7 10.Bd2 d5 11.Bb3 Nd4 12.Nxd4 cxd4 13.Ne2 dxe4 14.dxe4 Bxe4 15.
Rad1 Nf5 16.Qf2 Rc8 17.c3 1/2-1/2

[Event "44th Pan-American U20"]
[Site "Cochabamba BOL"]
[Date "2019.08.06"]
[Round "9.23"]
[White "Bracamonte, Humberto"]
[Black "Araujo Miranda, Styven Sandro"]
[Result "1/2-1/2"]
[WhiteElo "1516"]
[BlackElo "1347"]
[EventDate "2019.08.01"]
[PlyCount "42"]

1.e4 c5 2.Nc3 g6 3.g3 Bg7 4.Bg2 Nc6 5.Nge2 e6 6.O-O Nge7 7.d3 O-O 8.Be3 d6
9.d4 Qa5 10.a3 Qb6 11.dxc5 dxc5 12.Rb1 Rd8 13.Qc1 Qa5 14.Rd1 Nd4 15.b4 
Nxe2+ 16.Nxe2 cxb4 17.axb4 Qc7 18.b5 b6 19.Rxd8+ Qxd8 20.Qd1 Bb7 21.Bg5 
Qc7 1/2-1/2

[Event "44th Pan-American U20"]
[Site "Cochabamba BOL"]
[Date "2019.08.06"]
[Round "9.24"]
[White "Montevilla Cahuasa, Jonathan I"]
[Black "Zubieta Echalar, Eduardo"]
[Result "0-1"]
[WhiteElo "1231"]
[BlackElo "1329"]
[EventDate "2019.08.01"]
[PlyCount "72"]

1.d4 Nf6 2.Nf3 g6 3.c4 Bg7 4.Nc3 O-O 5.e4 d6 6.g3 Nbd7 7.Bg2 c5 8.O-O a6 
9.Be3 Qc7 10.d5 h6 11.Qc1 Kh7 12.Qc2 Re8 13.Rfd1 Nf8 14.Bf4 Nh5 15.Bd2 Bd7
16.a4 Rab8 17.Qd3 Qb6 18.h3 e5 19.Rdb1 f5 20.b4 cxb4 21.Be3 Qa5 22.Na2 
fxe4 23.Qxe4 Bf5 24.Qh4 Bf6 25.Ng5+ Bxg5 26.Bxg5 hxg5 27.Qxg5 Bxb1 28.Rxb1
Qxa4 29.Nxb4 a5 30.Qh4 axb4 31.g4 Qc2 32.Rxb4 Qd1+ 33.Kh2 Qd4 34.Bf1 Qf4+ 
35.Kg1 Kg7 36.Rb6 e4 0-1

[Event "44th Pan-American U20"]
[Site "Cochabamba BOL"]
[Date "2019.08.06"]
[Round "9.25"]
[White "Janco Fernandez, Marcelo Ruben"]
[Black "Moreno, Alejandro"]
[Result "0-1"]
[WhiteElo "1095"]
[BlackElo "1477"]
[EventDate "2019.08.01"]
[PlyCount "42"]

1.e4 c5 2.Nc3 e6 3.Nf3 Nf6 4.Bc4 Nc6 5.e5 Nh5 6.O-O d5 7.exd6 Bxd6 8.d4 
cxd4 9.Nxd4 Nxd4 10.Qxd4 Bxh2+ 11.Kxh2 Qxd4 12.Bb5+ Bd7 13.Be3 Qe5+ 14.f4 
Qxe3 15.Bxd7+ Kxd7 16.Rad1+ Kc6 17.Rf3 Qb6 18.Rfd3 Rad8 19.Rxd8 Rxd8 20.
Rxd8 Qxd8 21.g3 Qd2+ 0-1